| 000 | 00397nam a2200145Ia 4500 | ||
|---|---|---|---|
| 008 | 231129s1996||||xx |||||||||||||| ||spa|| | ||
| 020 | _a84-8166-026-4 | ||
| 040 | _bspa | ||
| 082 | _a613 S127r | ||
| 100 | _aSáenz Gemma María | ||
| 245 | 0 | _aLa Revolución del lenguaje vertebral | |
| 260 | _c1996 | ||
| 264 | _aEdiciones Altradamun | ||
| 942 |
_2ddc _cBKS |
||
| 999 |
_c18130 _d18130 |
||